International rules for seed testing : adopted at the Extraordinary Meeting 2003, Glattbrugg, Switzerland to become effective on 1st. January 2004.

Guardado en:
Autor Corporativo: International Seed Testing Association.
Formato: Libro
Idioma:English
Publicado: Zürich, Switzerland : International Seed Testing Association, c2004.
Edición:Edition 2004.
Materias:
Etiquetas: Agregar Etiqueta
Sin Etiquetas, Sea el primero en etiquetar este registro!
LEADER 01041nam a22002295a 4500
001 EEA.libagro007339
005 20180614123403.0
008 130809s2004####xx#a##########000#0#eng#d
020 |a 3906549380 
082 0 4 |a 631.521 
245 1 0 |a International rules for seed testing :  |b adopted at the Extraordinary Meeting 2003, Glattbrugg, Switzerland to become effective on 1st. January 2004. 
250 |a Edition 2004. 
260 |a Zürich, Switzerland :  |b International Seed Testing Association,  |c c2004. 
300 |a 2 v. (hojas sueltas) :  |b il. ;  |c 26 cm. 
505 0 |a 1. International rules for seed testing -- 2. Annexe to Chapter 7 Seed Health Testing Seed Health Testing Methods 
650 7 |a Semillas  |x Tecnología  |2 agrovoc 
650 7 |a Ensayo de semillas  |2 agrovoc 
650 7 |a Viabilidad de la semilla  |2 agrovoc 
650 7 |2 agrovoc 
710 2 |a International Seed Testing Association. 
859 |a AR-BbBCA  |b BIB. AGRONOMIA  |h C631.521  |i I61 2004  |p 2004/4710  |v 1  |3 1 
859 |a AR-BbBCA  |b BIB. AGRONOMIA  |h C631.521  |i I61 2004  |p 2004/4711  |v Anexo  |3 Anexo